Dirección participativa y evaluación de centros (Record no. 12979)

MARC details
000 -LEADER
campo de control de longitud fija 01261nam a2200409 a 4500
003 - IDENTIFICADOR DE NÚMERO DE CONTROL
campo de control AR-BaBNM
005 - FECHA Y HORA DE LA ÚLTIMA TRANSACCIÓN
campo de control 20251128205828.0
008 - DATOS DE LONGITUD FIJA--INFORMACIÓN GENERAL
campo de control de longitud fija 082120s2002 ||||||||||||||000 | spa||
020 ## - NÚMERO INTERNACIONAL ESTÁNDAR DEL LIBRO
Número Internacional Estándar del Libro 84-271-2033-8
040 ## - FUENTE DE CATALOGACIÓN
Centro/agencia transcriptor AR-BaBNM
111 2# - ENTRADA PRINCIPAL--NOMBRE DE CONGRESO/REUNIÓN
Nombre de congreso/reunión o jurisdicción como elemento de entrada Congreso Internacional sobre Dirección de Centros Docentes
Número del congreso/reunión o número de parte o sección 2
Sede del congreso/Lugar de la reunión Bilbao, España
Fecha del congreso o de la firma del tratado [ca. 1996]
245 00 - MENCIÓN DEL TÍTULO
Título Dirección participativa y evaluación de centros
260 ## - PUBLICACIÓN, DISTRIBUCIÓN, ETC.
Lugar de publicación, distribución, etc. Bilbao
Nombre del editor, distribuidor, etc. ICE
-- Universidad de Deusto
Fecha de publicación, distribución, etc. 1996
300 ## - DESCRIPCIÓN FÍSICA
Extensión 921 p.
Otros detalles físicos tablas, gráfs.
650 #4 - PUNTO DE ACCESO ADICIONAL DE MATERIA--TÉRMINO DE MATERIA
Término de materia o nombre geográfico como elemento de entrada TOMA DE DECISIONES
650 #4 - PUNTO DE ACCESO ADICIONAL DE MATERIA--TÉRMINO DE MATERIA
Término de materia o nombre geográfico como elemento de entrada PARTICIPACION
650 #4 - PUNTO DE ACCESO ADICIONAL DE MATERIA--TÉRMINO DE MATERIA
Término de materia o nombre geográfico como elemento de entrada EDUCACION
651 #4 - PUNTO DE ACCESO ADICIONAL DE MATERIA--NOMBRE GEOGRÁFICO
Nombre geográfico España
653 ## - TÉRMINO DE INDIZACIÓN--NO CONTROLADO
Término no controlado GESTION INSTITUCIONAL
653 ## - TÉRMINO DE INDIZACIÓN--NO CONTROLADO
Término no controlado EVALUACION INSTITUCIONAL
653 ## - TÉRMINO DE INDIZACIÓN--NO CONTROLADO
Término no controlado INSTITUCIONES EDUCATIVAS
653 ## - TÉRMINO DE INDIZACIÓN--NO CONTROLADO
Término no controlado DIRECTORES DE ESCUELA
700 1# - ENTRADA AGREGADA--NOMBRE PERSONAL
Nombre de persona Villa Sánchez, Aurelio
Término indicativo de función/relación coordinador
700 1# - ENTRADA AGREGADA--NOMBRE PERSONAL
Nombre de persona Stufflebeam, Daniel L.
700 1# - ENTRADA AGREGADA--NOMBRE PERSONAL
Nombre de persona Gairín Sallán, Joaquín
700 1# - ENTRADA AGREGADA--NOMBRE PERSONAL
Nombre de persona Ibar Albiñana, Mariano G.
700 1# - ENTRADA AGREGADA--NOMBRE PERSONAL
Nombre de persona Gómez Dacal, Gonzalo
700 1# - ENTRADA AGREGADA--NOMBRE PERSONAL
Nombre de persona Alvarez Fernández, Manuel
700 1# - ENTRADA AGREGADA--NOMBRE PERSONAL
Nombre de persona Immegart, Glenn
700 1# - ENTRADA AGREGADA--NOMBRE PERSONAL
Nombre de persona Bolam, Raymond
700 1# - ENTRADA AGREGADA--NOMBRE PERSONAL
Nombre de persona Veenman, Simon
700 1# - ENTRADA AGREGADA--NOMBRE PERSONAL
Nombre de persona Municio Fernández, Pedro
700 1# - ENTRADA AGREGADA--NOMBRE PERSONAL
Nombre de persona Montané i Tuca, Mireia
700 1# - ENTRADA AGREGADA--NOMBRE PERSONAL
Nombre de persona Nevo, David
942 ## - ELEMENTOS DE ENTRADA SECUNDARIOS (KOHA)
Tipo de ítem Koha Libros
998 ## - INFORMACIÓN DE CONTROL LOCAL (RLIN)
Iniciales del catalogador, CIN (RLIN) arturo
Holdings
Estatus retirado Estado de pérdida Fuente de la clasificación o esquema de estantería Estado de daño No para préstamo Biblioteca de origen Biblioteca actual Fecha de adquisición Total de préstamos Signatura topográfica completa Código de barras Visto por última vez Precio de reemplazo Tipo de ítem Koha
    Clasificación Decimal Dewey     Liberty Liberty 28/11/2025   371.2 VIL 113550 28/11/2025 28/11/2025 Libros
    Clasificación Decimal Dewey     Liberty Liberty 28/11/2025   371.2 VIL 113551 28/11/2025 28/11/2025 Libros